00441nam a22001097a 4500082001500000100003600015245010600051526003700157942001200194999001900206952010600225 a297.2bLUD aMuhammad Yusuf Ludhyanvi951017 aآپ کے مسائل اور ان کا حل Aap Kay Masail Aur Un Ka HalcMuhammad Yusuf Ludhyanvi a0b0c0d297_200000000000000_LUD 2ddccBK c553752d553752 00102ddc4070aMCEbMCEd2017-02-24l2o297.2 LUDpMCE-M150r2017-05-19s2017-04-19w2017-02-24yBK